| 000 | 00439nam a22001697a 4500 | ||
|---|---|---|---|
| 003 | MACL | ||
| 005 | 20151226125818.0 | ||
| 008 | 151226b xxu||||| |||| 00| 0 eng d | ||
| 040 | _cMACL | ||
| 041 | _aEnglish | ||
| 082 | _a320/KHA | ||
| 100 |
_aKhare,P.S. _922797 |
||
| 245 | _aDemocracy Politics and Social Change in India | ||
| 260 |
_aNew Delhi _bD.P.S. Publishing House _c2010 |
||
| 650 |
_aSocial Politics _922798 |
||
| 942 |
_2ddc _cBK |
||
| 999 |
_c51899 _d51899 |
||